Statistics for Horror movies

Click here to take the quiz!

General Stats

  • This quiz has been taken 60 times
  • The average score is 10 of 18

Answer Stats

HintAnswer% Correct
SharkJaws
96%
13thFriday
94%
PinHellraiser
78%
Skin maskTexas chainsaw massacre
67%
CentipedeHuman
63%
Ginger toyChilds play
61%
Steven kingThe shining
59%
Santa ClausSilent night deadly night
57%
NightmaresOn elm street
55%
FinalDestination
51%
PumpkinHalloween
47%
Four leaf cloverLeprechaun
45%
Killer clownsFrom outer space
41%
Pig manSaw
41%
WalrusTusk
41%
Slumber partyMassacre
37%
AxeHatchet
10%
Slithery snakeSlither
10%

Score Distribution

Percentile by Number Answered

Percent of People with Each Score

Your Score History

You have not taken this quiz